Las Siete Partidas y el vigente Código civil del Estado norte-americano de Luisiana / (Record no. 30438)

MARC details
000 -LEADER
campo de control de longitud fija 00775nam a2200205 i 4500
001 - NÚMERO DE CONTROL
campo de control 30438
003 - IDENTIFICADOR DE NÚMERO DE CONTROL
campo de control ES-MaACL
005 - FECHA Y HORA DE LA ÚLTIMA TRANSACCIÓN
campo de control 20250809022212.0
007 - CAMPO FIJO DE DESCRIPCIÓN FÍSICA--INFORMACIÓN GENERAL
campo de control de longitud fija t|
008 - DATOS DE LONGITUD FIJA--INFORMACIÓN GENERAL
campo de control de longitud fija 030124s1963 sp ||||1| spa d
100 1# - ENTRADA PRINCIPAL--NOMBRE DE PERSONA
Nombre de persona Barthe Porcel, Julio.
9 (RLIN) 26112
245 14 - MENCIÓN DEL TÍTULO
Título Las Siete Partidas y el vigente Código civil del Estado norte-americano de Luisiana /
Mención de responsabilidad, etc. Julio Barthe Porcel.
260 ## - PUBLICACIÓN, DISTRIBUCIÓN, ETC.
Lugar de publicación, distribución, etc. Murcia :
Nombre del editor, distribuidor, etc. [s.n.,
Fecha de publicación, distribución, etc. 1963?] (
Fabricante Sucs. de Nogues)
300 ## - DESCRIPCIÓN FÍSICA
Extensión p. 188-197 ;
Dimensiones 25 cm.
500 ## - NOTA GENERAL
Nota general Es separata de: Anales de la Universidad de Murcia. Vol.XXI, nº 3-4. Facultad de derecho, curso 1962-63.
650 #7 - PUNTO DE ACCESO ADICIONAL DE MATERIA--TÉRMINO DE MATERIA
Término de materia o nombre geográfico como elemento de entrada Derecho-
Subdivisión geográfica España-
Subdivisión de forma Fuentes
Fuente del encabezamiento o término
9 (RLIN) 155630
650 #4 - PUNTO DE ACCESO ADICIONAL DE MATERIA--TÉRMINO DE MATERIA
Término de materia o nombre geográfico como elemento de entrada Derecho civil-
Subdivisión geográfica Luisiana.
9 (RLIN) 158834
852 ## - LOCALIZACIÓN
Ubicación ES-MaACL
Número de control de estantería 2047-F-2
Sublocalización o colección R.53480
Holdings
Estatus retirado Estado de pérdida Estado de daño No para préstamo Colección Biblioteca de origen Biblioteca actual Ubicación en estantería Fecha de adquisición Fuente de adquisición Total de préstamos Signatura topográfica completa Código de barras Visto por última vez Precio de reemplazo Tipo de ítem Koha
        Colección de folletos Biblioteca del Ateneo de Madrid Biblioteca del Ateneo de Madrid Depósito folletos 17/01/2008     2047-F-2 1031427 23/02/2023 23/02/2023 Folleto